000
00215nam a2200109Ia 4500
100
_a
#N/A
942
_c
BK
245
_a
SCJP - Sun Certified Programmer for JAVA
260
_b
#N/A
546
_a
ENGLISH
999
_c
20311
_d
20311